01793nam a22003257a 4500003000400000005001700004008004100021040002200062082001400084100003600098245004800134260005300182300001900235366000800254366000800262490002300270505025300293505004100546505032300587505014700910650004101057650005001098650004401148650004801192650004301240650004401283650004801327650004701375650004501422OSt20230421082735.0221006b |||||||| |||| 00| 0 eng d cBiblioteca Lado V a700bZ39a aZaya, Antonioeeditoredirector aAtalantica/bRevista de Arte y Pensamiento/ bCentro Atlantico de Arte Modernoc1994aEspaña c24x30cma184p. efre eeng v1994x1132-8428a7 tTerritoriosaEntrevista con Lars von trier Peter Neuchs Prosas de son Rashid Diab Morir a lo quaye El proceso creativo Proyecto de Robert Feintuch Una entrevista con Damien Hirst Tímidos, perceptivos e íntimos Proyecto de Gary Simmos  tNexusaLa Vanguardia Rusa en el Caam tRevistaaDiscusion, diferencia y el cuerpo politico La durisima intimidad de lutz bacher Entrevista con Bob Flanagan y Sheree Rose El sacrificio del ser Miquel Barcelo Los Batiks de Kirita Reencuentro fetichista con Nazario El arte como participación en la red global Cyberespacio Proyecto de Miriam Durando tRevistaaArte Africano La Cultura Cubana con Sabor Proyecto de Iraida La Justicia o la Coreografia del Equilibrio De Colombia. Arte Actual 2Tesauro de Arte & ArquitecturaaARTE 2Tesauro de Arte & ArquitecturaaEXPOSICIONES  2Tesauro de Arte & ArquitecturaaCULTURA 2Tesauro de Arte & ArquitecturaaAPRECIACION 2Tesauro de Arte & ArquitecturaaTEORIA 2Tesauro de Arte & ArquitecturaaCRITICA 2Tesauro de Arte & ArquitecturaaFOTOGRAFIA  2Tesauro de Arte & ArquitecturaaLITERATURA 2Tesauro de Arte & ArquitecturaaESPAÑA